[Event "Wch Seniors 65 28th"]
[Site "Bled"]
[Date "2018.11.28"]
[Round "10"]
[White "Benggawan, Undriadi"]
[Black "Freeke, Kees"]
[Result "1-0"]
[WhiteElo "1594"]
[BlackElo "1750"]
[PlyCount "73"]
[EventDate "2018.11.18"]
[EventType "swiss"]
[EventRounds "11"]
[EventCountry "SLO"]
[SourceTitle "CBM 187 Extra"]
[Source "ChessBase"]
[SourceDate "2018.11.04"]
[SourceVersion "1"]
[SourceVersionDate "2018.11.04"]
[SourceQuality "1"]

1. d4 e6 2. Nf3 f5 3. Bg5 Be7 4. h4 Nf6 5. e3 b6 6. Bc4 d5 7. Bd3 Bb7 8. Qe2 0-0 9. Nbd2 c5 10. c3 Nc6 11. 0-0-0 Ne4 12. Bxe7 Qxe7 13. Rdg1 Nxd2 14. Kxd2 e5 15. dxe5 Nxe5 16. Bc2 Nxf3+ 17. gxf3 Rad8 18. Kc1 d4 19. Rh3 Bd5 20. c4 Bb7 21. f4 Be4 22. exd4 Qd6 23. d5 Qxf4+ 24. Kb1 Bxc2+ 25. Qxc2 Rd6 26. h5 Kf7 27. Rhg3 g6 28. hxg6+ hxg6 29. Re3 Qd4 30. Rge1 Rh8 31. Qe2 Qf6 32. Re7+ Kg8 33. Rxa7 Rh5 34. Qe8+ Qf8 35. Ree7 Rf6 36. Qd7 f4 37. Re8 1-0

[Event "Canadian op U1800"]
[Site "Sault Ste Marie"]
[Date "2017.07.08"]
[Round "1.27"]
[White "Sadler, Kirk"]
[Black "Benggawan, Undriadi"]
[Result "0-1"]
[WhiteElo "1422"]
[BlackElo "1639"]
[PlyCount "66"]
[EventDate "2017.07.08"]
[EventType "swiss"]
[EventRounds "9"]
[EventCountry "CAN"]
[SourceTitle "EXT 2022"]
[Source "ChessBase"]
[SourceDate "2021.10.06"]
[SourceVersion "1"]
[SourceVersionDate "2021.10.06"]
[SourceQuality "1"]

1. e4 g6 2. d4 Bg7 3. Nc3 c5 4. Be3 e6 5. Qd2 cxd4 6. Bxd4 Nf6 7. f3 Nc6 8. Be3 h5 9. Bc4 a6 10. 0-0-0 b5 11. Bb3 Bb7 12. Nge2 Rc8 13. Bg5 Qc7 14. Kb1 Na5 15. Nd4 Nh7 16. Ndxb5 axb5 17. Nxb5 Qc6 18. Qxa5 0-0 19. Be3 Ra8 20. Qb4 Ba6 21. Nd6 Rfb8 22. Qc5 Bf8 23. Qxc6 dxc6 24. e5 Be7 25. h4 Nf8 26. g4 Be2 27. Rd2 Bxf3 28. Rf1 Bxd6 29. exd6 Bxg4 30. Bg5 Nd7 31. c3 Rb5 32. Rf4 Bf5+ 33. Kc1 Rxb3 0-1